International bibliography of bioliographies in library and inforamation sciece and related fields (Record no. 925586)

MARC details
000 -LEADER
fixed length control field 00623nam a2200181Ia 4500
003 - CONTROL NUMBER IDENTIFIER
control field OSt
005 - DATE AND TIME OF LATEST TRANSACTION
control field 20250909123800.0
008 - FIXED-LENGTH DATA ELEMENTS--GENERAL INFORMATION
fixed length control field 220930b |||||||| |||| 00| 0 eng d
037 ## - SOURCE OF ACQUISITION
Terms of availability Reference Collections
040 ## - CATALOGING SOURCE
Original cataloging agency CRL
Transcribing agency CRL
Language of cataloging eng
041 ## - LANGUAGE CODE
Source of code eng
Language code of text/sound track or separate title eng
100 ## - MAIN ENTRY--PERSONAL NAME
Personal name Sawoniak Henryk Au.
9 (RLIN) 576122
245 #0 - TITLE STATEMENT
Title International bibliography of bioliographies in library and inforamation sciece and related fields
260 ## - PUBLICATION, DISTRIBUTION, ETC.
Place of publication, distribution, etc. Munchen
Name of publisher, distributor, etc. K.G.Gaur
Date of publication, distribution, etc. 1999
650 ## - SUBJECT ADDED ENTRY--TOPICAL TERM
Topical term or geographic name entry element LIBRARY SCIENCE
9 (RLIN) 820650
942 ## - ADDED ENTRY ELEMENTS (KOHA)
Classification part 2aN9, N9.1-.3(RR)
Koha item type
Source of classification or shelving scheme Colon Classification (CC)
Suppress in OPAC No
Holdings
Withdrawn status Lost status Source of classification or shelving scheme Damaged status Not for loan Home library Current library Date acquired Total Checkouts Full call number Barcode Date last seen Price effective from Koha item type
    Colon Classification (CC)     Central Library Central Library 2022-10-02   2aN9 N9.3(RR) CL1209297 2022-10-02 2022-10-02  
    Colon Classification (CC)     Central Library Central Library 2025-09-09   2aN9 N9.1(RR) CL1209296 2025-09-09 2025-09-09  
    Colon Classification (CC)     Central Library Central Library 2025-09-09   2aN9 N9.2(RR) CL1209298 2025-09-09 2025-09-09  
Copyright @ Delhi University Library System